000 01174nam a2200253 a 4500
001 80247
003 BD-RjUL
005 20220828114515.0
008 220828s2022 bg ||||| |||| 00| 0 ben d
020 _a9789849630074
035 _a(BD-RjUL)80247
040 _aBD-RjUL
_beng
_cBD-RjUL
041 _aben
082 _223
_a891.441
_bBAN 2022
245 _aবঙ্গবন্ধু শেখ মুজিবকে নিবেদিত কবিতা /
_cসম্পাদনায় কামাল চৌধুরী /
260 _aঢাকা :
_bজাতির পিতা বঙ্গবন্ধু শেখ মুজিবুর রহমানের জন্মশতবার্ষিকী উদযাপন জাতীয় বাস্তবায়ন কমিটি ,
_c২০২২
300 _a৪৭৭ পৃ.;
_c২৫ সেমি.
600 _aমুজিবুর রহমান, শেখ
_d১৯২০-১৯৭৫
600 _aMujibur Rahman, shekh
_d1920-1975
_94515
650 _aবাংলা কবিতা
650 _aBengali poetry
700 _aচৌধুরী, কামাল
_91705
942 _2ddc
_cBK
999 _c80247
_d80247